000 00906nam a2200277 i 4500
003 EG-GICUC
005 20260425081638.0
008 260425s1929 pl ||||fr|||| 00| 0 fre d
040 _aEG-GiCUC
_bfre
_cEG-GiCUC
_dEG-GiCUC
_eRda
082 0 4 _221
_a343.767
_bPI . P
092 0 4 _221
099 _aLaw1 10 343.767 PI . P 1929
100 1 _aPiłsudski,Józef
_eAuteur
245 1 0 _aLa Psychologie Du Prisonnier /
_cJózef Piłsudski.
264 1 _aPologne :
_bPremier Maréchal De La Pologne, Ministre De La Guerre,
_c1929.
300 _a22 page ;
_c 24 cm.
336 _2rda contenu
_a texte
337 _2rda medias
_aOrdinateur
338 _2 transporteur rda
_a Ressource en ligne
546 _aTexte en français
650 1 _aDroit Pénal
650 1 _aTraitement Punitif En Prison
856 4 0 _uhttps://fll.law.cu.edu.eg/fulltext/bks/B10-11150.pdf
905 _a59
942 _2ddc
_n0
_cBK
_e21
999 _c73301
_d73301